000 00374nam a2200157Ia 4500
008 220803s9999 xx 000 0 und d
020 _a9789381337882
041 _aeng
082 _a712.36 PAD
100 _aPadmanabhan S
_925374
245 _aBumboo
260 _aIndia
_bEco Systems
_c2014
300 _a14p
500 _aLANDS
650 _aLandscape Architecture
_925375
999 _c16175
_d16175